[Event "Politiken Cup 2011"]
[Site "Helsingor"]
[Date "2011.08.01"]
[Round "4.28"]
[White "Lilja, Richard"]
[Black "Lund, Silas"]
[Result "1/2-1/2"]
[WhiteElo "2111"]
[BlackElo "2388"]
[PlyCount "115"]
[EventDate "2011.??.??"]
[WhiteTeam "Skørping"]
[BlackTeam "Enkeltmedlem"]

1. e4 c5 2. Nc3 g6 3. d4 cxd4 4. Qxd4 Nf6 5. Bb5 Nc6 6. Bxc6 dxc6 7. Qxd8+ Kxd8
8. Nf3 Bg7 9. O-O Nd7 10. Be3 Ne5 11. Rad1+ Bd7 12. Nxe5 Bxe5 13. f4 Bc7 14.
Rf2 Ke8 15. Rfd2 Bg4 16. Ne2 e5 17. fxe5 Bxe5 18. h3 Bxe2 19. Rxe2 Rd8 20.
Rxd8+ Kxd8 21. c3 Kd7 22. a3 a5 23. a4 b5 24. Rf2 Ke6 25. Bb6 Ra8 26. axb5 cxb5
27. Rf3 a4 28. Bc5 Rd8 29. Kf1 Rd1+ 30. Ke2 Rb1 31. Ba3 b4 32. Bxb4 Rxb2+ 33.
Kd3 Rxg2 34. Kc4 Re2 35. Kb5 Rxe4 36. c4 f5 37. c5 f4 38. Kxa4 Re3 39. Rf1 Rxh3
40. c6 Rd3 41. Re1 Re3 42. Rc1 Bc7 43. Bc5 Re5 44. Kb5 Bd6 45. Ka6 Rxc5 46.
Rxc5 h5 47. Rg5 Kf6 48. Rd5 Ke6 49. Rg5 f3 50. Rxg6+ Ke5 51. Rg5+ Ke4 52. Rxh5
f2 53. Rh1 Kf3 54. Rf1 Ke2 55. Rxf2+ Kxf2 56. Kb7 Ke3 57. c7 Bxc7 58. Kxc7
1/2-1/2

[Event "Politiken Cup 2011"]
[Site "Helsingor"]
[Date "2011.08.01"]
[Round "4.23"]
[White "Sowray, Peter J"]
[Black "Pedersen, Gunnar"]
[Result "1-0"]
[WhiteElo "2350"]
[BlackElo "2218"]
[PlyCount "41"]
[EventDate "2011.??.??"]
[BlackTeam "Esbjerg"]

1. c4 e6 2. g3 d5 3. Nf3 Nf6 4. Bg2 Be7 5. O-O O-O 6. d4 c6 7. Qc2 Nbd7 8. b3
b6 9. Nc3 Bb7 10. e4 dxe4 11. Nxe4 Nxe4 12. Qxe4 Nf6 13. Qc2 c5 14. Rd1 Be4 15.
Qe2 Qc7 16. Bb2 cxd4 17. Nxd4 Bxg2 18. Kxg2 Bc5 19. Qf3 Bxd4 20. Rxd4 Rad8 21.
Qxf6 1-0

[Event "Politiken Cup 2011"]
[Site "Helsingor"]
[Date "2011.08.01"]
[Round "4.30"]
[White "Giffard, Nicolas"]
[Black "Gershenov, Ben"]
[Result "1-0"]
[WhiteElo "2342"]
[BlackElo "2106"]
[PlyCount "59"]
[EventDate "2011.??.??"]
[WhiteTeam "Drancy"]
[BlackTeam "Marshall"]

1. d4 Nf6 2. Nf3 d5 3. c4 g6 4. cxd5 Nxd5 5. e4 Nb6 6. Be3 Bg7 7. Nc3 O-O 8. h3
Nc6 9. Rc1 Bd7 10. Be2 e5 11. d5 Nb8 12. Qb3 c6 13. a4 cxd5 14. exd5 e4 15. Nd4
Na6 16. a5 Nc5 17. Qb4 Nba4 18. Nxa4 Nxa4 19. O-O a6 20. Rc2 Qe8 21. b3 f5 22.
bxa4 f4 23. Bc1 f3 24. gxf3 Bxh3 25. Rd1 exf3 26. Nxf3 Rc8 27. Rxc8 Qxc8 28.
Ng5 Qc2 29. Qc4 Qf5 30. Qh4 1-0

[Event "Politiken Cup 2011"]
[Site "Helsingor"]
[Date "2011.08.01"]
[Round "4.67"]
[White "Hinrichs, Jan"]
[Black "Carlstedt, Jonathan"]
[Result "1/2-1/2"]
[WhiteElo "1947"]
[BlackElo "2336"]
[PlyCount "30"]
[EventDate "2011.??.??"]
[WhiteTeam "Hamburger Schachklub"]

1. d4 g6 2. c4 Bg7 3. Nf3 e6 4. Nc3 Ne7 5. g3 d5 6. Bg2 Nbc6 7. cxd5 exd5 8.
Bf4 a6 9. O-O h6 10. Ne5 Be6 11. Nxc6 Nxc6 12. e4 Nxd4 13. exd5 Bf5 14. Qa4+
Kf8 15. Qb4+ Kg8 1/2-1/2

[Event "Politiken Cup 2011"]
[Site "Helsingor"]
[Date "2011.08.01"]
[Round "4.33"]
[White "Aranovitch, Emiliano"]
[Black "Hansen, Morten Moller"]
[Result "1-0"]
[WhiteElo "2328"]
[BlackElo "2097"]
[PlyCount "77"]
[EventDate "2011.??.??"]
[WhiteTeam "Mendrisio"]
[BlackTeam "Damhus"]

1. e4 d6 2. d4 Nf6 3. Nc3 g6 4. Be3 Bg7 5. Qd2 h6 6. h3 c6 7. a4 Qa5 8. Nf3 Na6
9. Be2 Bd7 10. O-O g5 11. b4 Nxb4 12. e5 Nfd5 13. Nxd5 cxd5 14. Bb5 a6 15.
Bxd7+ Kxd7 16. Rfb1 Nc6 17. Rxb7+ Ke6 18. Qd3 Rhb8 19. g4 f6 20. Rab1 Rxb7 21.
Rxb7 Nd8 22. Bd2 Qxa4 23. Rc7 dxe5 24. dxe5 fxe5 25. c4 dxc4 26. Rxc4 Qb5 27.
Qf5+ Kd5 28. Qe4+ Kd6 29. Qxa8 Qxc4 30. Qxd8+ Kc6 31. Qxe7 e4 32. Qxg7 exf3 33.
Qf6+ Kd7 34. Qxf3 Ke7 35. Qc3 Qd5 36. Qg7+ Ke8 37. Qg6+ Kd8 38. Be3 a5 39. Qxh6
1-0

[Event "Politiken Cup 2011"]
[Site "Helsingor"]
[Date "2011.08.01"]
[Round "4.34"]
[White "Poulsen, Iver"]
[Black "Korley, Kassa"]
[Result "0-1"]
[WhiteElo "2102"]
[BlackElo "2326"]
[PlyCount "110"]
[EventDate "2011.??.??"]
[WhiteTeam "Esbjerg"]
[BlackTeam "Marshall"]

1. e4 c5 2. Nc3 a6 3. Nge2 b5 4. d4 cxd4 5. Nxd4 e6 6. Bd3 Bb7 7. Qe2 Bc5 8.
Nb3 Be7 9. Be3 d6 10. a4 b4 11. Na2 Nf6 12. Bd2 a5 13. c3 bxc3 14. Nxc3 Nc6 15.
O-O O-O 16. Nb5 Ne5 17. Rfe1 d5 18. Bc2 Nxe4 19. Bf4 Ng6 20. Bc7 Qd7 21. Nxa5
Ba6 22. Bxe4 Bxb5 23. axb5 Qxc7 24. Bxg6 Rxa5 25. Rac1 Qf4 26. g3 Qb4 27. Bd3
Bf6 28. Ra1 Rfa8 29. Rxa5 Qxa5 30. Rc1 g6 31. b4 Qxb4 32. Rb1 Ra1 33. Qd1 Rxb1
34. Qxb1 Bb2 35. h4 Kg7 36. Bf1 h5 37. Qc2 Bd4 38. Kg2 Bb6 39. Qe2 Qd4 40. Qc2
e5 41. Qe2 e4 42. Kg1 f5 43. Kg2 Qc5 44. Kg1 d4 45. Qc4 d3 46. Qxc5 Bxc5 47.
Kg2 Kf6 48. f3 Ke5 49. fxe4 Kxe4 50. Bxd3+ Kxd3 51. Kf3 Be3 52. b6 Bxb6 53. Kf4
Bc7+ 54. Kg5 Bxg3 55. Kxg6 f4 0-1

[Event "Politiken Cup 2011"]
[Site "Helsingor"]
[Date "2011.08.01"]
[Round "4.35"]
[White "Aabling-Thomsen, Jakob"]
[Black "Krasenkova, Ilena"]
[Result "1-0"]
[WhiteElo "2325"]
[BlackElo "2092"]
[PlyCount "107"]
[EventDate "2011.??.??"]
[WhiteTeam "Brønshøj"]

1. e4 c6 2. d4 d5 3. Nc3 dxe4 4. Nxe4 Nd7 5. Bd3 Ngf6 6. Ng5 e6 7. Ne2 Be7 8.
O-O h6 9. Nf3 O-O 10. b3 b6 11. Bb2 a5 12. c4 Bb7 13. Ng3 Re8 14. Qe2 c5 15.
Rad1 Qc7 16. Bb1 Rad8 17. Ne5 cxd4 18. Bxd4 Nxe5 19. Bxe5 Qc6 20. f3 Qc5+ 21.
Kh1 Qc8 22. Bd4 Qc7 23. Rfe1 Kf8 24. Qc2 Rd7 25. Bxf6 Bxf6 26. Qh7 Be5 27. Nf5
exf5 28. Rxd7 Qxd7 29. Qh8+ Ke7 30. Rxe5+ Kd8 31. Rxe8+ Qxe8 32. Qxe8+ Kxe8 33.
Bxf5 Ke7 34. Kg1 Kd6 35. Kf2 Kc5 36. a3 a4 37. bxa4 Kxc4 38. Bd7 Kb3 39. Ke3
Kxa3 40. Kd4 Kb4 41. Ke5 Kc5 42. Be8 Bd5 43. h4 Bb3 44. f4 f6+ 45. Kf5 Bc2+ 46.
Ke6 Bb3+ 47. Ke7 Bd5 48. g3 Kd4 49. h5 Bf3 50. Kf8 Bxh5 51. Bxh5 g5 52. f5 g4
53. Kg7 Kd5 54. Kg6 1-0

[Event "Politiken Cup 2011"]
[Site "Helsingor"]
[Date "2011.08.01"]
[Round "4.36"]
[White "Johansson, Anders 1973"]
[Black "Petersen, Tom Petri"]
[Result "0-1"]
[WhiteElo "2089"]
[BlackElo "2324"]
[PlyCount "142"]
[EventDate "2011.??.??"]
[WhiteTeam "LASK"]
[BlackTeam "Nordre"]

1. g3 Nf6 2. Bg2 g6 3. c4 Bg7 4. Nc3 O-O 5. Nf3 d6 6. O-O e5 7. d3 Nc6 8. Rb1
Re8 9. Nd2 a5 10. a3 Nd4 11. b4 axb4 12. axb4 c6 13. b5 Bd7 14. Nde4 Qc7 15.
Nxf6+ Bxf6 16. bxc6 bxc6 17. Bd2 Ra3 18. Re1 Rea8 19. Ne4 Be7 20. Bg5 Bxg5 21.
Nxg5 Kg7 22. Nf3 Bg4 23. Nxd4 exd4 24. Qc1 h5 25. Qf4 Re8 26. Qxd4+ Kh7 27. Bf3
Bxf3 28. exf3 Raa8 29. Kg2 Re7 30. Ra1 Rae8 31. Rxe7 Qxe7 32. Ra7 Qe6 33. h4 c5
34. Qa1 Re7 35. Ra8 Re8 36. Ra7 Re7 37. Ra8 Re8 38. Ra6 Re7 39. Qb2 Rd7 40. Qb8
Qf6 41. Ra8 Qg7 42. Qe8 f5 43. Rd8 Rxd8 44. Qxd8 Qd4 45. Qe7+ Kg8 46. Qe8+ Kg7
47. Qe7+ Kg8 48. Qe3 Qf6 49. Qh6 Qe6 50. Qe3 Qf6 51. Qg5 Kf7 52. Qxf6+ Kxf6 53.
f4 Ke7 54. Kf3 Kd7 55. Ke3 Kc6 56. d4 Kb6 57. Kd3 Ka5 58. Kc3 Ka4 59. f3 Ka3
60. g4 Ka4 61. gxh5 gxh5 62. dxc5 dxc5 63. Kc2 Kb4 64. Kd3 Kb3 65. Kd2 Kxc4 66.
Kc2 Kd4 67. Kd2 c4 68. Kc2 c3 69. Kc1 Ke3 70. Kc2 Kxf4 71. Kxc3 Kxf3 0-1

[Event "Politiken Cup 2011"]
[Site "Helsingor"]
[Date "2011.08.01"]
[Round "4.24"]
[White "Larsen, Karsten"]
[Black "Johansson, Thomas"]
[Result "1-0"]
[WhiteElo "2323"]
[BlackElo "2207"]
[PlyCount "89"]
[EventDate "2011.??.??"]
[WhiteTeam "K41"]
[BlackTeam "Malmø AS"]

1. e4 Nf6 2. d3 d5 3. Nd2 e5 4. Ngf3 Nc6 5. Be2 Bc5 6. O-O O-O 7. c3 a5 8. a4
b6 9. Qc2 Re8 10. Nb3 Be7 11. Bg5 Be6 12. Rfe1 d4 13. Rac1 Rc8 14. cxd4 Nb4 15.
Qd1 Bxb3 16. Qxb3 exd4 17. Ne5 Rf8 18. Nc6 Nxc6 19. Rxc6 Nd7 20. Bf4 Bb4 21.
Ra1 Nc5 22. Qc4 Qd7 23. Qb5 Ne6 24. Bg3 Qe7 25. Bg4 Nd8 26. Rc4 Ne6 27. Bxe6
fxe6 28. Rxd4 Bc5 29. Rc4 c6 30. Qb3 Rcd8 31. Rd1 Qf7 32. Qc2 e5 33. Rxc5 bxc5
34. Bxe5 c4 35. d4 Kh8 36. f3 Qb7 37. Rc1 Rfe8 38. Qxc4 Rxe5 39. dxe5 Qb6+ 40.
Kh1 Rd2 41. h3 h6 42. Qc5 Qxb2 43. Qf8+ Kh7 44. Qf5+ Kh8 45. Rxc6 1-0

[Event "Politiken Cup 2011"]
[Site "Helsingor"]
[Date "2011.08.01"]
[Round "4.37"]
[White "Nielsen, Poul Erik"]
[Black "Rewitz, Poul"]
[Result "0-1"]
[WhiteElo "2083"]
[BlackElo "2309"]
[PlyCount "122"]
[EventDate "2011.??.??"]
[WhiteTeam "Holstebro"]
[BlackTeam "Århus/skolerne"]

1. d4 Nf6 2. g3 d5 3. Bg2 c6 4. Nf3 Bf5 5. O-O e6 6. c4 Nbd7 7. b3 Bd6 8. Nc3
O-O 9. Bb2 h6 10. Nd2 Re8 11. e4 dxe4 12. Ndxe4 Bf8 13. Qe2 Rc8 14. Rac1 Qa5
15. a3 Bg4 16. f3 Nxe4 17. Nxe4 Bf5 18. b4 Qa4 19. Qd1 Qxd1 20. Rfxd1 b6 21.
Bc3 Red8 22. Be1 Be7 23. Bf2 g5 24. Be3 Kg7 25. f4 g4 26. Nf2 h5 27. Nd3 Nf6
28. Ne5 Be4 29. Bf1 Ne8 30. Bd3 Bxd3 31. Nxd3 Nd6 32. Kg2 Nf5 33. Bf2 Nxd4 34.
Ne5 c5 35. Bxd4 Rxd4 36. Rxd4 cxd4 37. Nd3 f6 38. c5 bxc5 39. bxc5 Kg6 40. Rc4
Rc7 41. Rxd4 Bxc5 42. Rc4 Bb6 43. Rxc7 Bxc7 44. Nb4 Kf5 45. Nc6 Bb6 46. a4 a5
47. h3 Ke4 48. Nb8 gxh3+ 49. Kxh3 e5 50. Nd7 Bd8 51. fxe5 fxe5 52. Nc5+ Kd5 53.
Nd3 Kd4 54. Nc1 Kc3 55. Kg2 e4 56. Ne2+ Kd2 57. Nf4 Bg5 58. Ne6 Bh6 59. Kf1 e3
60. Nd4 Kd1 61. Ne2 Bg7 0-1

[Event "Politiken Cup 2011"]
[Site "Helsingor"]
[Date "2011.08.01"]
[Round "4.39"]
[White "Schmidt, Kristen"]
[Black "Halamus, Agata"]
[Result "1-0"]
[WhiteElo "2289"]
[BlackElo "2076"]
[PlyCount "75"]
[EventDate "2011.??.??"]
[BlackTeam "AKS Mikolow"]

1. e4 e5 2. Nf3 Nc6 3. Bb5 a6 4. Ba4 Nf6 5. Qe2 b5 6. Bb3 Be7 7. c3 O-O 8. O-O
d6 9. Rd1 Na5 10. Bc2 c5 11. d3 Nc6 12. Nbd2 Nh5 13. Nf1 f5 14. d4 exd4 15.
cxd4 Qe8 16. dxc5 dxc5 17. exf5 Ra7 18. Re1 Qf7 19. a4 Nb4 20. Ne5 Qe8 21. Bb1
Bd6 22. axb5 Re7 23. f4 axb5 24. Ra8 Nc6 25. Rxc8 Qxc8 26. Qxh5 Rf6 27. Qd1 Qe8
28. Nf3 Rxe1 29. Nxe1 Nd4 30. Be3 Qc6 31. Ng3 Rf8 32. Qg4 Qe8 33. Kf2 Qe7 34.
Nf3 Re8 35. Ne4 Nxf3 36. Qxf3 Qc7 37. Ng5 c4 38. Qd5+ 1-0

[Event "Politiken Cup 2011"]
[Site "Helsingor"]
[Date "2011.08.01"]
[Round "4.66"]
[White "Skousen, Nikolai"]
[Black "Haug, Johannes"]
[Result "1/2-1/2"]
[WhiteElo "2289"]
[BlackElo "1725"]
[PlyCount "81"]
[EventDate "2011.??.??"]
[WhiteTeam "Øbro"]
[BlackTeam "Nordstrand"]

1. d4 Nf6 2. Nf3 g6 3. Nc3 d5 4. Bf4 Bg7 5. e3 Bf5 6. Be2 O-O 7. Ne5 c5 8. g4
Be6 9. f3 Nc6 10. Qd2 Qa5 11. h4 h5 12. O-O-O Rfc8 13. Kb1 c4 14. e4 dxe4 15.
Nxc4 Bxc4 16. Bxc4 Nb4 17. Bb3 exf3 18. gxh5 Qxh5 19. Rdg1 Qf5 20. Rg5 Ne4 21.
Nxe4 Qxe4 22. Be5 Nc6 23. Re1 Qxh4 24. Rxg6 Nxe5 25. dxe5 Kh7 26. Rgg1 Rd8 27.
Qe3 f2 28. Rh1 fxe1=Q+ 29. Qxe1 Qxh1 30. Qxh1+ Kg8 31. Qf3 e6 32. a4 Bxe5 33.
Qxb7 Rdb8 34. Qe4 Bg7 35. Ka2 a6 36. Qe3 Rb7 37. Qe2 Rb6 38. Qe3 Rab8 39. Qd3
R8b7 40. Qd8+ Kh7 41. Qh4+ 1/2-1/2

[Event "Politiken Cup 2011"]
[Site "Helsingor"]
[Date "2011.08.01"]
[Round "4.40"]
[White "Taksrud, Vidar"]
[Black "Patuzzo, Fabrizio"]
[Result "0-1"]
[WhiteElo "2074"]
[BlackElo "2274"]
[PlyCount "172"]
[EventDate "2011.??.??"]
[WhiteTeam "Tempo Sjakk"]
[BlackTeam "Mendrisio"]

1. Nc3 d5 2. e4 d4 3. Nce2 e5 4. Nf3 Bd6 5. c3 c5 6. Ng3 Nf6 7. Bb5+ Nc6 8. b4
O-O 9. bxc5 Bxc5 10. Bxc6 bxc6 11. cxd4 Bxd4 12. Nxd4 Qxd4 13. Ba3 Ba6 14. f3
Rfe8 15. Rc1 Re6 16. Bc5 Qb2 17. Qc2 Qb5 18. a4 Qa5 19. Qc3 Qxa4 20. Ra1 Qb5
21. Kf2 Qb7 22. Qe3 Nd7 23. Rhb1 Bb5 24. Rxa7 Rxa7 25. Bxa7 g6 26. Qa3 Re8 27.
Be3 Nb6 28. Qc5 Na4 29. Qb4 Qe7 30. Qxe7 Rxe7 31. Rb4 Rd7 32. h4 h5 33. Ne2 Rd3
34. Nc1 Ra3 35. Rb1 Kf8 36. g4 hxg4 37. fxg4 Kg7 38. h5 gxh5 39. gxh5 Bc4 40.
Ne2 Bd3 41. Rg1+ Kh7 42. h6 Bxe4 43. Rg7+ Kh8 44. Rxf7 Nb2 45. Ng3 Bd5 46. Rf8+
Kh7 47. Nh5 Nd1+ 48. Ke2 Nxe3 49. dxe3 Kxh6 50. Rf5 Ra5 51. Ng3 Kg6 52. Rf8
Ra2+ 53. Ke1 Rg2 54. e4 Bc4 55. Nf5 Re2+ 56. Kd1 Rxe4 57. Ne7+ Kg7 58. Rd8 Bb5
59. Rd6 Rc4 60. Nf5+ Kf7 61. Rh6 Ba4+ 62. Kd2 Rf4 63. Nd6+ Ke7 64. Kc3 Rf6 65.
Nc8+ Ke6 66. Rh4 Bb5 67. Rh7 Rf3+ 68. Kb4 Rf4+ 69. Kc5 Rc4+ 70. Kb6 Rd4 71. Kc5
Rd5+ 72. Kb6 e4 73. Na7 Ke5 74. Nxc6+ Bxc6 75. Kxc6 Kd4 76. Rh1 Rg5 77. Rd1+
Ke3 78. Re1+ Kd3 79. Rd1+ Ke2 80. Rd4 e3 81. Re4 Kd2 82. Rd4+ Ke1 83. Re4 e2
84. Re7 Rg3 85. Kc5 Kd2 86. Rd7+ Rd3 0-1

[Event "Politiken Cup 2011"]
[Site "Helsingor"]
[Date "2011.08.01"]
[Round "4.68"]
[White "Jorgensen, Michael"]
[Black "Jensen, Soren Holm"]
[Result "1-0"]
[WhiteElo "2271"]
[BlackElo "1984"]
[PlyCount "151"]
[EventDate "2011.??.??"]
[WhiteTeam "Helsingør"]
[BlackTeam "Brønshøj"]

1. d4 d5 2. c4 e6 3. Nf3 Nf6 4. g3 dxc4 5. Bg2 Nc6 6. Qa4 Bb4+ 7. Bd2 Nd5 8.
Bxb4 Ndxb4 9. O-O Rb8 10. Na3 a6 11. Ne5 O-O 12. Nxc6 Nxc6 13. Bxc6 bxc6 14.
Nxc4 Qxd4 15. b3 Qc5 16. Qa5 Qxa5 17. Nxa5 c5 18. Rfc1 Rb5 19. Nc4 Bb7 20. f3
Rd8 21. Rc2 Kf8 22. Rac1 Ke7 23. Nb2 Rd6 24. Na4 Rc6 25. Nxc5 Bc8 26. Kf2 e5
27. e4 f6 28. Ke3 a5 29. f4 Kd6 30. fxe5+ fxe5 31. Na4 Rxc2 32. Rxc2 Be6 33. h4
h5 34. Rc3 c6 35. Nb2 Rc5 36. Kd3 Rxc3+ 37. Kxc3 Kc5 38. a4 Bf7 39. Nd3+ Kd6
40. b4 axb4+ 41. Kxb4 Be6 42. Nc5 Bc8 43. a5 Kc7 44. Na4 Ba6 45. Nb2 Be2 46.
Nc4 Bf3 47. Nd2 Be2 48. Kc5 Bd3 49. Nc4 Bxe4 50. a6 Bg2 51. Nxe5 Be4 52. a7 Kb7
53. Nxc6 Bg2 54. Kd6 Be4 55. Nd8+ Kxa7 56. Ne6 g6 57. Ke5 Bc2 58. Kf6 Kb7 59.
Nf4 Kc7 60. Nxg6 Kd8 61. Kg5 Ke8 62. Kxh5 Kf7 63. Nf4 Kg7 64. Kg5 Bb1 65. Ne6+
Kh7 66. Kf6 Kh6 67. Nf4 Bc2 68. g4 Bb1 69. g5+ Kh7 70. h5 Bc2 71. Ne6 Bb1 72.
Nd8 Ba2 73. g6+ Kg8 74. h6 Bb3 75. h7+ Kh8 76. Nf7+ 1-0

[Event "Politiken Cup 2011"]
[Site "Helsingor"]
[Date "2011.08.01"]
[Round "4.91"]
[White "Meldal, Peter"]
[Black "Sbarra, Marco"]
[Result "0-1"]
[WhiteElo "1526"]
[BlackElo "2266"]
[PlyCount "54"]
[EventDate "2011.??.??"]
[WhiteTeam "Taastrup"]

1. e4 e5 2. f4 exf4 3. Nf3 g5 4. h4 g4 5. Ne5 Nf6 6. Bc4 d5 7. exd5 Bd6 8. d4
Nh5 9. Be2 Ng3 10. Rh2 Qf6 11. Nxg4 Bxg4 12. Bxg4 Rg8 13. Nc3 Nd7 14. Bf3 O-O-O
15. Nb5 Rde8+ 16. Kf2 Re7 17. Bd2 Rge8 18. c3 Nc5 19. Nxd6+ Qxd6 20. Qc2 Nce4+
21. Kg1 Nxd2 22. Qxd2 Re3 23. Rh3 Qe7 24. b3 Re1+ 25. Rxe1 Qxe1+ 26. Qxe1 Rxe1+
27. Kf2 Rf1# 0-1

[Event "Politiken Cup 2011"]
[Site "Helsingor"]
[Date "2011.08.01"]
[Round "4.42"]
[White "Carnstam, Tomas"]
[Black "Matthiesen, Martin"]
[Result "0-1"]
[WhiteElo "2062"]
[BlackElo "2251"]
[PlyCount "82"]
[EventDate "2011.??.??"]
[BlackTeam "SK68"]

1. c4 f5 2. b3 e5 3. Bb2 d6 4. g3 Nf6 5. Bg2 g6 6. e3 Bg7 7. Ne2 O-O 8. d4 e4
9. Nf4 Qe7 10. h4 Be6 11. Nc3 Bf7 12. Bf1 c6 13. Qd2 Na6 14. Na4 Nc7 15. c5 d5
16. Nc3 h6 17. Be2 g5 18. hxg5 hxg5 19. Nh5 Nxh5 20. Bxh5 Ne6 21. Ne2 b6 22.
cxb6 axb6 23. a4 Bxh5 24. Rxh5 Rf6 25. Rc1 Rc8 26. Rh2 Qe8 27. Kd1 Rf7 28. Ba3
c5 29. dxc5 bxc5 30. Bb2 d4 31. exd4 cxd4 32. Qa5 d3 33. Nc3 Nc5 34. Nd5 Nxb3
35. Ne7+ Rxe7 36. Qxf5 Rxc1+ 37. Bxc1 Qc6 38. Qh7+ Kf8 39. Qf5+ Ke8 40. Qb5
Qxb5 41. axb5 Ra7 0-1

[Event "Politiken Cup 2011"]
[Site "Helsingor"]
[Date "2011.08.01"]
[Round "4.43"]
[White "Rehn, Ralf"]
[Black "Mortensen, Henrik"]
[Result "1-0"]
[WhiteElo "2237"]
[BlackElo "2024"]
[PlyCount "83"]
[EventDate "2011.??.??"]
[WhiteTeam "HaSS"]
[BlackTeam "Horsens"]

1. d4 d5 2. Nf3 e6 3. Bf4 f5 4. e3 Nf6 5. Ne5 Be7 6. Be2 O-O 7. Nd2 Qe8 8. O-O
b6 9. a4 a5 10. Bb5 c6 11. Be2 Bb7 12. c3 Nbd7 13. Qb3 Nxe5 14. Bxe5 Nd7 15. c4
Nxe5 16. dxe5 Bb4 17. Rfd1 Rb8 18. Nf3 f4 19. cxd5 fxe3 20. d6 exf2+ 21. Kf1 b5
22. Ng5 Bc8 23. Qd3 Rf5 24. Nf3 Bd7 25. Qe3 bxa4 26. Bd3 Rf8 27. Ng5 Qh5 28.
Qg3 h6 29. Nf3 Bc5 30. Bg6 Rxf3 31. gxf3 Qg5 32. Qxg5 hxg5 33. Rxa4 Bb4 34.
Rda1 Kf8 35. Rxa5 Bxa5 36. Rxa5 Be8 37. Bxe8 Kxe8 38. Ra7 Rxb2 39. Re7+ Kd8 40.
Rxe6 c5 41. Re7 c4 42. Rc7 1-0

[Event "Politiken Cup 2011"]
[Site "Helsingor"]
[Date "2011.08.01"]
[Round "4.44"]
[White "Hauge, Lars Oskar"]
[Black "Rosenkilde, Alexander"]
[Result "0-1"]
[WhiteElo "2052"]
[BlackElo "2235"]
[PlyCount "98"]
[EventDate "2011.??.??"]
[BlackTeam "Taastrup"]

1. e4 c5 2. Nf3 Nc6 3. d4 cxd4 4. Nxd4 Nf6 5. Nc3 e5 6. Ndb5 d6 7. Bg5 a6 8.
Na3 b5 9. Nd5 Be7 10. Bxf6 Bxf6 11. c3 O-O 12. Nc2 Bg5 13. g3 Be6 14. Nce3 Rb8
15. Bg2 b4 16. O-O bxc3 17. bxc3 Qa5 18. f4 exf4 19. gxf4 Bd8 20. f5 Bxd5 21.
Nxd5 Qc5+ 22. Kh1 f6 23. Nf4 Rf7 24. Ne6 Qa3 25. Qh5 Ne5 26. Rf4 Qxc3 27. Rg1
Bb6 28. Rb1 Qe3 29. Rbf1 Bc5 30. Rh4 h6 31. Rh3 Qd2 32. Rg3 Rfb7 33. Qh4 Kh7
34. h3 a5 35. a4 Rf7 36. Bf3 Rb2 37. Bg2 Bf2 38. Rxg7+ Rxg7 39. Qxf6 Rbb7 40.
Nf8+ Kg8 41. Ng6 Rb8 42. Qe6+ Kh7 43. Nxe5 Rxg2 44. Ng6 Bd4 45. Qxd6 Rb2 46.
Qd7+ Bg7 47. Nf8+ Kg8 48. Qe6+ Kh8 49. Ng6+ Kh7 0-1

[Event "Politiken Cup 2011"]
[Site "Helsingor"]
[Date "2011.08.01"]
[Round "4.46"]
[White "Thingstad, Even"]
[Black "Pimenta, Antonio"]
[Result "1-0"]
[WhiteElo "2223"]
[BlackElo "2006"]
[PlyCount "63"]
[EventDate "2011.??.??"]
[WhiteTeam "Hønefoss"]
[BlackTeam "Dommeldange Beggen"]

1. d4 d5 2. c4 e6 3. Nc3 c6 4. Nf3 Nf6 5. Bg5 dxc4 6. e4 b5 7. e5 h6 8. Bh4 g5
9. Nxg5 hxg5 10. Bxg5 Nbd7 11. g3 Bb7 12. Bg2 Qb6 13. exf6 O-O-O 14. O-O Ne5
15. dxe5 Rxd1 16. Raxd1 b4 17. Ne4 c5 18. Rd2 Qa5 19. Be3 Qxa2 20. Rfd1 Bd5 21.
Ng5 Bh6 22. Nxf7 Bxe3 23. Rxd5 exd5 24. Nxh8 Bh6 25. e6 Qxb2 26. e7 Qe2 27. Bf3
Qe5 28. Ng6 Qe6 29. Bxd5 Qd7 30. Bb7+ Kc7 31. Rxd7+ Kxd7 32. Ne5+ 1-0

[Event "Politiken Cup 2011"]
[Site "Helsingor"]
[Date "2011.08.01"]
[Round "4.45"]
[White "Haubro, Martin"]
[Black "Hartvig, Ove Weiss"]
[Result "0-1"]
[WhiteElo "2040"]
[BlackElo "2220"]
[PlyCount "88"]
[EventDate "2011.??.??"]
[WhiteTeam "BMS"]
[BlackTeam "Esbjerg"]

1. d4 c5 2. d5 Nf6 3. c4 b5 4. cxb5 a6 5. bxa6 g6 6. Nc3 Bxa6 7. Nf3 d6 8. g3
Nbd7 9. Bg2 Bg7 10. Rb1 Qa5 11. O-O O-O 12. Bd2 Qc7 13. Re1 Nb6 14. e4 Nfd7 15.
b3 Rfc8 16. a4 Ne5 17. Nxe5 Bxe5 18. Qc2 Rab8 19. Bf1 Qb7 20. Nb5 Na8 21. Ba5
Bg7 22. Rbd1 Nb6 23. f4 Nd7 24. Bc4 Bxb5 25. Bxb5 Qa7 26. Bd2 Nf6 27. Qc4 Ng4
28. h3 Bd4+ 29. Kg2 Nf6 30. e5 Ne8 31. e6 f5 32. g4 Nf6 33. gxf5 gxf5 34. Be3
Bxe3 35. Rxe3 Ne4 36. Kh2 Qa5 37. Rg1+ Kh8 38. Rxe4 fxe4 39. Qxe4 Rg8 40. Bd3
Qd2+ 41. Be2 Rxg1 42. Kxg1 Qe1+ 43. Kh2 Rxb3 44. Qc2 Qf2+ 0-1

[Event "Politiken Cup 2011"]
[Site "Helsingor"]
[Date "2011.08.01"]
[Round "4.47"]
[White "Rauramaa, Kari"]
[Black "Johansen, Johnny Holler"]
[Result "1-0"]
[WhiteElo "2217"]
[BlackElo "1998"]
[PlyCount "73"]
[EventDate "2011.??.??"]
[WhiteTeam "Matinkylan Shakkikenho"]
[BlackTeam "Frem"]

1. d4 Nf6 2. c4 e6 3. Nf3 d5 4. Nc3 c6 5. Bg5 dxc4 6. e4 b5 7. e5 h6 8. Bh4 g5
9. Nxg5 hxg5 10. Bxg5 Nbd7 11. exf6 Bb7 12. Be2 Qc7 13. Bf3 Bb4 14. a4 a6 15.
g3 c5 16. O-O cxd4 17. Bxb7 Qxb7 18. Qxd4 Bc5 19. Qe4 Qxe4 20. Nxe4 Bd4 21.
Nd6+ Kf8 22. axb5 Ne5 23. Kg2 a5 24. Ra4 Bxb2 25. b6 c3 26. b7 Rb8 27. Rxa5 Nd7
28. Bf4 c2 29. Ra2 c1=Q 30. Bxc1 Bxf6 31. Rc2 Be5 32. Ba3 Kg7 33. Rc7 Rhd8 34.
Rd1 Bxd6 35. Rxd6 Nf6 36. Rxd8 Rxd8 37. Rc8 1-0

[Event "Politiken Cup 2011"]
[Site "Helsingor"]
[Date "2011.08.01"]
[Round "4.48"]
[White "Akdag, Dara"]
[Black "Diaz, Linda"]
[Result "1-0"]
[WhiteElo "2201"]
[BlackElo "1988"]
[PlyCount "161"]
[EventDate "2011.??.??"]
[WhiteTeam "BMS"]
[BlackTeam "Marshall"]

1. Nf3 Nf6 2. g3 c6 3. Bg2 d5 4. c4 dxc4 5. Qc2 b5 6. a4 Bb7 7. Nc3 Qb6 8. b3
cxb3 9. Qxb3 a6 10. d3 e6 11. Be3 Qa5 12. O-O b4 13. Nd2 Qc7 14. Nce4 Nd5 15.
a5 Nxe3 16. fxe3 Be7 17. Qc4 Nd7 18. d4 c5 19. Rfc1 Rc8 20. dxc5 Bxe4 21. Nxe4
Nxc5 22. Qxb4 Qe5 23. Nxc5 Qxe3+ 24. Kh1 Bxc5 25. Qb7 O-O 26. Qxa6 Rcd8 27. Qc4
Rd4 28. Qb5 Rfd8 29. a6 Ba7 30. Bf3 e5 31. Qb7 e4 32. Bg2 g6 33. Rf1 R4d7 34.
Qxe4 Qb3 35. Qf3 Qc4 36. Rfc1 Qb5 37. Rcb1 Qe5 38. Qe4 Qc5 39. Re1 Qb6 40. Qc6
Qb3 41. Rf1 Qe3 42. Qc4 Qb6 43. Rab1 Qe3 44. Rb7 Qe7 45. Bd5 Rf8 46. Qc6 Rxb7
47. Qxb7 Qxb7 48. Bxb7 Re8 49. e4 Kg7 50. Kg2 Re5 51. Rd1 Re7 52. Rd8 Bb6 53.
Rc8 Rd7 54. Rc2 Kf8 55. Kf3 Rd3+ 56. Ke2 Rd8 57. Rc6 Ba7 58. Rc4 Ke7 59. Bc8
Kd6 60. Kd3 Ke5+ 61. Kc3 Rd1 62. Kc2 Rd8 63. Bb7 Kd6 64. Kb3 Re8 65. Rc6+ Kd7
66. Rc3 Kd6 67. Kb4 Rb8 68. Rd3+ Kc7 69. Rf3 Rf8 70. Kc4 Kd6 71. Rf6+ Ke7 72.
Rc6 Kd7 73. Kd5 Rb8 74. Rc2 Rd8 75. Ke5 Rf8 76. Kf6 Bb6 77. e5 h5 78. Kg7 Ke7
79. Rc6 Rd8 80. a7 f5 81. exf6+ 1-0

[Event "Politiken Cup 2011"]
[Site "Helsingor"]
[Date "2011.08.01"]
[Round "4.49"]
[White "Nielsen, Frode B"]
[Black "Molvig, Henrik"]
[Result "0-1"]
[WhiteElo "2028"]
[BlackElo "2195"]
[PlyCount "96"]
[EventDate "2011.??.??"]
[WhiteTeam "Frederiksberg"]
[BlackTeam "Roskilde"]

1. Nf3 Nf6 2. d3 g6 3. g3 Bg7 4. Bg2 O-O 5. O-O d6 6. c4 Nc6 7. Nc3 e5 8. d4
Nxd4 9. Nxd4 exd4 10. Qxd4 c6 11. Qd3 Be6 12. e4 Qa5 13. Bd2 Qh5 14. b3 Ng4 15.
h3 Ne5 16. Qe2 Qxe2 17. Nxe2 Bxh3 18. Rad1 Bxg2 19. Kxg2 Rfe8 20. Bb4 c5 21.
Bc3 Rad8 22. Rd5 Nc6 23. Bxg7 Kxg7 24. f3 Re5 25. Rfd1 Rxd5 26. Rxd5 a6 27. Nc3
f6 28. Rd2 Kf7 29. Kf2 Nd4 30. Ke3 b5 31. Rh2 Kg7 32. cxb5 axb5 33. a4 b4 34.
Nd5 Nxb3 35. f4 Ra8 36. Nb6 Ra6 37. Nc4 Rxa4 38. Nxd6 Nd4 39. f5 Ra3+ 40. Kf4
g5+ 41. Kg4 Nf3 42. Rc2 Ne5+ 43. Kh3 g4+ 44. Kg2 b3 45. Rxc5 Ra2+ 46. Kf1 b2
47. Rc7+ Kh6 48. Nf7+ Nxf7 0-1